All state capitals (in progress) - Statistics

General Stats
  • This quiz has been taken 13 times
    6 since last reset
  • The average score is 72 of 191
Answer Stats
Country State State Capital % Correct
United States New York Albany
100%
United States Maryland Annapolis
100%
United States Georgia Atlanta
100%
United States Maine Augusta
100%
United States Texas Austin
100%
United States Louisiana Baton Rouge
100%
United States North Dakota Bismarck
100%
United States Idaho Boise
100%
United States Massachusetts Boston
100%
United States Nevada Carson City
100%
United States West Virginia Charleston
100%
United States Wyoming Cheyenne
100%
United States South Carolina Columbia
100%
United States Ohio Columbus
100%
United States New Hampshire Concord
100%
United States Colorado Denver
100%
United States Iowa Des Moines
100%
United States Delaware Dover
100%
United States Kentucky Frankfort
100%
United States Pennsylvania Harrisburg
100%
United States Connecticut Hartford
100%
United States Montana Helena
100%
United States Hawaii Honolulu
100%
United States Indiana Indianapolis
100%
United States Mississippi Jackson
100%
United States Missouri Jefferson City
100%
United States Alaska Juneau
100%
United States Michigan Lansing
100%
United States Nebraska Lincoln
100%
United States Arkansas Little Rock
100%
United States Wisconsin Madison
100%
United States Alabama Montgomery
100%
United States Vermont Montpelier
100%
United States Tennessee Nashville
100%
United States Oklahoma Oklahoma City
100%
United States Washington Olympia
100%
United States Arizona Phoenix
100%
United States South Dakota Pierre
100%
United States Rhode Island Providence
100%
United States Virginia Richmond
100%
United States California Sacramento
100%
United States Minnesota Saint Paul
100%
United States Oregon Salem
100%
United States Utah Salt Lake City
100%
United States Puerto Rico San Juan
100%
United States New Mexico Santa Fe
100%
United States Illinois Springfield
100%
United States Florida Tallahassee
100%
United States Kansa Topeka
100%
United States New Jersey Trenton
100%
Mexico Aguascalientes Aguascalientes
50%
Mexico Quintana Roo Chetumal
50%
Mexico Chihuahua Chihuahua
50%
Mexico Guerrero Chilpancingo
50%
Mexico Tamaulipas Ciudad Victoria
50%
Mexico Colima Colima
50%
Mexico Sinaloa Culiacan
50%
Mexico Durango Durango
50%
Canada Alberta Edmonton
50%
Canada New Brunswick Fredericton
50%
Mexico Jalisco Guadalajara
50%
Mexico Guanajuato Guanajuato
50%
Canada Nova Scotia Halifax
50%
Mexico Sonora Hermosillo
50%
Canada Nunavut Iqaluit
50%
Mexico Baja California Sur La Paz
50%
Mexico Yucatan Merida
50%
Mexico Baja California Mexicali
50%
Mexico Mexico City Mexico City
50%
Mexico Nuevo Leon Monterrey
50%
Mexico Michoacan Morelia
50%
Mexico Oaxaca Oaxaca
50%
Mexico Hidalgo Pachuca
50%
Australia Western Australia Perth
50%
Mexico Puebla Puebla
50%
Canada Quebec Quebec City
50%
Mexico Queretaro Queretaro
50%
United States North Carolina Raleigh
50%
Canada Saskatchewan Regina
50%
Mexico Coahuila Saltillo
50%
Mexico Campeche San Francisco de Campeche
50%
Mexico San Luis Potosi San Luis Potosi
50%
Mexico Nayarit Tepic
50%
Mexico Tlaxcala Tlaxcala
50%
Mexico Mexico Toluca
50%
Canada Ontario Toronto
50%
Mexico Chiapas Tuxtla Gutierrez
50%
Canada British Columbia Victoria
50%
Mexico Tabasco Villahermosa
50%
Canada Yukon Whitehorse
50%
Mexico Veracruz Xalapa
50%
Canada Northwest Territories Yellowknife
50%
Mexico Zacatecas Zacatecas
50%
Australia South Australia Adelaide
0%
India Tripura Agartala
0%
India Mizoram Aizawl
0%
India Andhra Pradesh Amaravati
0%
Brazil Sergipe Aracaju
0%
Brazil Para Belem
0%
Brazil Minas Gerais Belo Horizonte
0%
India Karnataka Bengaluru
0%
India Madhya Pradesh Bhopal
0%
India Odisha Bhubaneswar
0%
Brazil Roraima Boa Vista
0%
Brazil Distrito Federal Brasilia
0%
Australia Queensland Brisbane
0%
Brazil Mato Grosso do Sul Campo Grande
0%
Australia Australian Capital Territory Canberra
0%
Argentina Catamarca Catamarca
0%
India Haryana Chandigarh
0%
India Punjab Chandigarh
0%
India Chandigarh Chandigarh
0%
Canada Prince Edward Island Charlottetown
0%
India Tamil Nadu Chennai
0%
Argentina Cordoba Cordoba
0%
Argentina Corrientes Corrientes
0%
Brazil Mato Grosso Cuiaba
0%
Brazil Parana Curitiba
0%
India Dadra and Nagar Haveli and Daman and Diu Daman
0%
India Daman and Diu Daman
0%
Australia Northern Territory Darwin
0%
India Uttarakhand Dehradun
0%
India Assam Dispur
0%
Brazil Santa Catarina Florianopolis
0%
Argentina Formosa Formosa
0%
Brazil Ceara Fortaleza
0%
India Gujarat Gandhinagar
0%
India Sikkim Gangtok
0%
Brazil Goias Goiania
0%
Australia Tasmania Hobart
0%
India Telangana Hyderabad
0%
India Manipur Imphal
0%
India Arunachal Pradesh Itanagar
0%
India Rajasthan Jaipur
0%
Brazil Paraiba Joao Pessoa
0%
Argentina Jujuy Jujuy
0%
India Lakshadweep Kavaratti
0%
India Nagaland Kohima
0%
India West Bengal Kolkata
0%
Argentina Buenos Aires La Plata
0%
Argentina La Rioja La Rioja
0%
India Ladakh Leh
0%
India Uttar Pradesh Lucknow
0%
Brazil Amapa Macapa
0%
Brazil Alagoas Maceio
0%
Brazil Amazonas Manaus
0%
Australia Victoria Melbourne
0%
Argentina Mendoza Mendoza
0%
India Marahashtra Mumbai
0%
Brazil Rio Grande do Norte Natal
0%
Argentina Neuquen Neuquen
0%
India Delhi New Delhi
0%
Brazil Tocantins Palmas
0%
India Goa Panaji
0%
Argentina Entre Rios Parana
0%
India Bihar Patna
0%
India Andaman and Nicobar Islands Port Blair
0%
Brazil Rio Grande do Sul Porto Alegre
0%
Brazil Rondonia Porto Velho
0%
Argentina Misiones Posados
0%
India Puducherry Puducherry
0%
India Chhattisgarh Raipur
0%
India Jharkhand Ranchi
0%
Argentina Chubut Rawson
0%
Brazil Pernambuco Recife
0%
Argentina Chaco Resistencia
0%
Brazil Acre Rio Branco
0%
Brazil Rio de Janeiro Rio de Janeiro
0%
Argentina Santa Cruz Rio Gallegos
0%
Argentina Salta Salta
0%
Brazil Bahia Salvador
0%
Argentina San Juan San Juan
0%
Argentina San Luis San Luis
0%
Argentina Santa Fe Santa Fe
0%
Argentina La Pampa Santa Rosa
0%
Argentina Santiago del Estero Santiago del Estero
0%
Brazil Maranhao Sao Luis
0%
Brazil Sao Paulo Sao Paulo
0%
India Meghalaya Shillong
0%
India Himachal Pradesh Shimla
0%
India Dadra and Nagar Haveli Silvassa
0%
India Jammu and Kashmir Srinagar
0%
Canada Newfoundland and Labrador St. Johns
0%
Australia New South Wales Sydney
0%
Brazil Piaui Teresina
0%
India Kerala Thiruvananthapuram
0%
Argentina Tucuman Tucuman
0%
Argentina Tierra del Fuego Ushuaia
0%
Argentina Rio Negro Viedma
0%
Brazil Espirito Santo Vitoria
0%
Canada Manitoba Winnipeg
0%
No matching quizzes found
Score Distribution
Percent of People with Each Score
Percentile by Number Answered
Your Score History
You have not taken this quiz since the last reset